000
00231nam a2200097Ia 4500
001
709281
005
20250826162544.0
008
250824s9999 xx 000 0 und d
245
0
_a
KIZILBENEK
_c
DİLEK YAZAR
260
_b
TUDEM YAYINLARI
999
_c
709281
_d
709281